000 00720nam a2200217Ii 4500
003 JO-AjNU
008 230605s9999||||xx |||||||||||||| ||und||
017 _a1429/1093
020 _a978-9960-14-169-5
040 _aJO-AjNU
_bara
_erda
_cJO-AjNU
041 _aara
050 1 4 _aQA76.6.5252 2008
100 3 _aالسماك ، عبد الوهاب كامل,
_eauthor
_927697
245 0 0 _aادارة وتطوير مشاريع البرمجيات
264 3 1 _aالرياض:مكتبة الملك فهد ،2008
300 _a324ص
336 _atext
_btxt
_2rdacontent
337 _aunmediated
_bn
_2rdamedia
338 _avolume
_bnc
_2rdacarrier
650 4 _aالحاسبات الالكترونية-برامج
_927698
999 _aA10655
_c14223
_d14223